00586nam a22001937a 450000500170000001000130001702000220003003500130005203700160006508200160008110000170009724500490011426000360016327000420019930000260024150000400026765000570030765000280036420181218122216.0 aA-680595 c00.00a0863113842 aA-680595 bCen Lib/Ret a954.11bPUR aPuri, Balraj aKashmir towards insurgency /cby Balraj Puri bOrient LongmanaNew Delhic1993 a1/24 Asaf Ali RoadbNew Delhie110002 aviii,107p. c20cm(Hb) aIncludes bibliographical references aJammu and Kashmir (India) -- Politics and government aPolitics and government